Normal view MARC view
  • Kiran Armstrong

Entry Personal Name

Number of records used in: 1

001 - CONTROL NUMBER

  • control field: 20951

003 - CONTROL NUMBER IDENTIFIER

  • control field: NUST

005 - DATE AND TIME OF LATEST TRANSACTION

  • control field: 20190919131013.0

008 - FIXED-LENGTH DATA ELEMENTS

  • fixed length control field: 190919|| aca||aabn | a|a d

040 ## - CATALOGING SOURCE

  • Original cataloging agency: NUST
  • Transcribing agency: NUST

100 ## - HEADING--PERSONAL NAME

  • Personal name: Kiran Armstrong

670 ## - SOURCE DATA FOUND

  • Source citation: Work cat.: (NUST): Kiran Armstrong, محمدﷺ : پیغمبرِ ِاسلام کی سوانح حیات ۔۔۔۔۔۔۔۔۔۔۔۔۔۔۔, 2012
© 2023 Central Library, National University of Sciences and Technology. All Rights Reserved.